Establishing a Business in Italy /

Guardado en:
Bibliografiske detaljer
Format: Bog
Sprog:engelsk
Udgivet: Roma, Italia : Istituto Mobiliare Italiano, 1972
Tags: Tilføj Tag
Ingen Tags, Vær først til at tagge denne postø!

MARC

LEADER 00000nam^a2200000^a^4500
001 000436921
005 20250526000000.0
009 20260310123207.251
037 |a Acervo ITESO - Biblioteca 
041 |a ING 
091 |a FHM. 08280 
245 0 0 |a Establishing a Business in Italy / 
264 1 |a Roma, Italia :  |b Istituto Mobiliare Italiano,  |c 1972 
300 |a 79 p. ;  |c 21.5 cm. 
336 |a texto  |b txt  |2 rdacontenido 
337 |a sin mediación  |b n  |2 rdamedio 
338 |a volumen  |b nc  |2 rdasoporte 
649 |a XX 
910 |a Fondo Hugo B. Margáin 
920 |a Impresos - Libros 
930 |a Libros Antiguos y Raros 
905 |a 126 
901 |a 0500315670  |b IT2  |c LRA  |i D106870  |u 20250526 
902 |a https://opac.biblio.iteso.mx/vufind/Record/000436921